Ďalšie vzdelávanie z pohľadu uplatnenia Porterovho modelu piatich síl
Porterov model piatich síl umožňuje ľahšie poznanie a orientáciu v konkurenčnom prostredí vzdelávacích organizácií a umožňuje identifikovať existenciu príležitostí a ohrození charakteristických pre dané odvetvie.
Enregistré dans:
| Auteur principal: | |
|---|---|
| Format: | Chapitre de livre |
| Langue: | slovaque |
| Sujets: | |
| Tags: |
Pas de tags, Soyez le premier à ajouter un tag!
|
MARC
| LEADER | 00000nla a2200000 4500 | ||
|---|---|---|---|
| 001 | 0161632 | ||
| 005 | 20240502072813.8 | ||
| 041 | 0 | |a slo | |
| 044 | |a SK | ||
| 245 | 1 | 0 | |a Ďalšie vzdelávanie z pohľadu uplatnenia Porterovho modelu piatich síl |c Marta Matulčíková |
| 520 | |a Porterov model piatich síl umožňuje ľahšie poznanie a orientáciu v konkurenčnom prostredí vzdelávacích organizácií a umožňuje identifikovať existenciu príležitostí a ohrození charakteristických pre dané odvetvie. | ||
| 610 | 2 | 0 | |a vzdelávanie ďalšie |
| 610 | 2 | 0 | |a trh |
| 610 | 2 | 0 | |a konkurencia |
| 610 | 2 | 0 | |a modely |
| 100 | 1 | |a Matulčíková, Marta, 1964- | |